000 00407nam a22001577a 4500
020 _a978-1-84362-634-3
082 _a823
_bMEA/A
100 _aMEADOWS, DIASY
245 _aABIGAIL THE BREEZE FAIRY
_bTHE WEATHER FAIRIES
246 _aABIGAIL THE BREEZE FAIRY
_bTHE WEATHER FAIRIES
260 _aLONDON
_bORCHARD BOOKS
_c2000
300 _a74
520 _aSHORT STORY
650 _aSHORT STORY
942 _cBK
999 _c3096
_d3096